|
|
|
|
| LEADER |
01126nam a2200313 a 4500 |
| 001 |
12604 |
| 008 |
970425s1996 xxkae b 001 0 eng d |
| 020 |
|
|
|a 0471977640
|
| 020 |
|
|
|a 854904310 (pbk)
|
| 040 |
|
|
|a UKM
|c UKM
|d RDF
|d BD-DhAAL
|
| 082 |
0 |
4 |
|a 720.483
|2 21
|
| 100 |
1 |
|
|a Yeang, Ken,
|d 1948-
|
| 245 |
1 |
4 |
|a The skyscraper bioclimatically considered :
|b a design primer /
|c by Ken, Yeang.
|
| 260 |
|
|
|a London :
|b Academy Editions,
|c c1996.
|
| 300 |
|
|
|a 269 p :
|b ill., plans ;
|c 26 cm.
|
| 504 |
|
|
|a Includes bibliographical reference (p. 259-262) and index.
|
| 541 |
|
|
|e 12604
|
| 650 |
|
0 |
|a Skyscrapers
|x Design and construction.
|
| 650 |
|
0 |
|a Architecture and climate.
|
| 650 |
|
4 |
|a Skyscrapers.
|
| 650 |
|
4 |
|a Climate.
|
| 650 |
|
4 |
|a Energy Conservation.
|
| 650 |
|
4 |
|a Design.
|
| 650 |
|
4 |
|a Architecture.
|
| 650 |
|
4 |
|a Architects.
|
| 852 |
1 |
|
|a Ayesha Abed Library
|j General shelf.
|
| 942 |
0 |
0 |
|0 1
|
| 999 |
|
|
|c 13664
|d 13664
|
| 952 |
|
|
|0 0
|1 0
|2 ddc
|4 0
|6 720_483000000000000_YEA
|7 0
|9 22895
|a BRACUL
|b BRACUL
|c GEN
|d 2013-07-08
|g 4199.00
|l 14
|m 119
|o 720.483 YEA
|p 3010012604
|q 2026-06-02
|r 2025-06-30
|s 2025-06-30
|t 1
|w 2013-07-11
|y BK
|x HKD 391.50
|